Statistics for Rainbow Connection (muppets) lyrics

Click here to take the quiz!

General Stats

  • This quiz has been taken 150 times
  • The average score is 33 of 45

Answer Stats

HintAnswer% Correct
Why are there so ______many
99%
and what's on the other ____side
98%
____ about _____songs rainbows
91%
The _______ ________rainbow connection
90%
The ________ ________rainbow connection
90%
The _______ ________rainbow connection
90%
The ________dreamers
89%
The ______dreamers
89%
The ______dreamers
89%
Some day we'll _____ __find it
89%
Some day we'll _____ __find it
89%
Some day we'll _____ __find it
89%
The ______lovers
89%
The _______lovers
89%
The _____lovers
89%
And ____Me
89%
AndMe
89%
wait ___ seeand
88%
But only _______illusions
82%
And rainbows have _______ __ _____nothing to hide
82%
Rainbows are ______visions
79%
So we've been ____told
77%
and some ______ to ______ itchoose believe
73%
I know they're _______wrong
72%
And ________ believed itsomeone
69%
Who said that everywish
69%
All of us under its ______spell
68%
Somebody ______ of thatthought
68%
we know that it's probably _____magic
66%
The voice might be one in the _____same
63%
____ __And me
61%
And have you heard _____voices
61%
What's so _______amazing
59%
I've heard them______ __ _____calling my name
59%
Would be ______ and _______heard answered
59%
that keeps us __________stargazing
59%
And ____ what it's _____ so farlook done
55%
I've ______ it too _____heard many
54%
____ to ______ ittimes ignore
54%
when _____ on the _______ starwished morning
54%
Have ___ been ____ _____you half asleep
54%
And what do we _____ we might ____think see
53%
It's something that I'm ______ __ __supposed to be
47%
Is this the _____ ______sweet sound
47%
that ___ the young _______calls sailors
44%

Score Distribution

Percentile by Number Answered

Percent of People with Each Score

Your Score History

You have not taken this quiz